| 000 | 00368nam a2200109Ia 4500 | ||
|---|---|---|---|
| 008 | 171204s9999 xx 000 0 und d | ||
| 245 | 4 | _aThe Intelligent Web: Search, Smart Algorithms, And Big Data: | |
| 245 | _cGautam Shroff | ||
| 260 | _c2014 | ||
| 650 | _xADVANCED OPERATING SYSTEM AND NETWORKING | ||
| 856 | _uhttp://down.ebook777.com/TheIntWebSeaSmaAlgAndBigDat.pdf | ||
| 999 |
_c347121 _d347121 |
||